000 00224nam a2200097Ia 4500
008 170620s9999 xx 000 0 und d
100 _aJain- A. K.
245 0 _aSHAIKSHIK PRABANDHAN
260 _bSAHITYA PRAKASHAN AGRA
260 _c2016
300 _a224
999 _c28331
_d28331